Statistics for Triple Trouble Players - Rocket League

Click here to take the quiz!

General Stats

  • This quiz has been taken 7 times
  • The average score is 5 of 8

Answer Stats

Players% Correct
Kassio
100%
Ronaky
100%
Tadpole
83%
Seeb
67%
Speed
50%
Andom
33%
Abeogand
17%
Calzafy
17%

Score Distribution

Percentile by Number Answered

Percent of People with Each Score

Your Score History

You have not taken this quiz